Central Library OPAC University of Rajshahi

The teaching of history / (Record no. 49818)

MARC details
000 -LEADER
fixed length control field 00836nam a2200217 a 4500
001 - CONTROL NUMBER
control field 49818
003 - CONTROL NUMBER IDENTIFIER
rucl marc code BD-RjUL
005 - DATE AND TIME OF LATEST TRANSACTION
control field 20211209054731.0
008 - FIXED-LENGTH DATA ELEMENTS--GENERAL INFORMATION
fixed length control field 920521r19521950enk 00010 eng d
035 ## - SYSTEM CONTROL NUMBER
System control number (BD-RjUL)49938
040 ## - CATALOGING SOURCE
Original cataloging agency ANL
Language of cataloging eng
Modifying agency ANL
Transcribing agency BD-RjUL
041 ## - LANGUAGE CODE
Language code of text/sound track or separate title eng
082 ## - DEWEY DECIMAL CLASSIFICATION NUMBER
Edition number 23
Classification number 907.1241
Author mark and year INT 1952
110 1# - MAIN ENTRY--CORPORATE NAME
Corporate name or jurisdiction name as entry element Incorporated Association of Assistant Masters in Secondary Schools (Great Britain)
9 (RLIN) 149329
245 14 - TITLE STATEMENT
Title The teaching of history /
Statement of responsibility, etc. Issued by the Incorporated Association of Assistant Masters in Secondary Schools (Great Britain)
260 ## - PUBLICATION, DISTRIBUTION, ETC. (IMPRINT)
Place of publication, distribution, etc. Cambridge :
Name of publisher, distributor, etc. University Press,
Date of publication, distribution, etc. 1950, [Reprinted 1952]
300 ## - PHYSICAL DESCRIPTION
Pagination xiv, 221 p. :
Illustrations ill. ;
Size 23 cm.
504 ## - BIBLIOGRAPHY, ETC. NOTE
Bibliography, etc Includes bibliographical references and index
650 #0 - SUBJECT ADDED ENTRY--TOPICAL TERM
Topical term or geographic name as entry element History
General subdivision Study and teaching (Secondary)
Geographic subdivision Great Britain.
9 (RLIN) 149330
942 ## - ADDED ENTRY ELEMENTS (KOHA)
Source of classification or shelving scheme Dewey Decimal Classification
Koha item type Books
Holdings
Lost status Source of classification or shelving scheme Damaged status Not for loan Collection code Permanent Location Current Location Shelving location Date acquired Source of acquisition Cost, normal purchase price Total Checkouts Full call number Date last seen Copy number Koha item type
  Dewey Decimal Classification     Non-fiction Central Library, University of Rajshahi Central Library, University of Rajshahi   27/02/1957 Publication united ltd. 10.20   907.1241 INT 1952 22/08/2016 C-2 Books
  Dewey Decimal Classification   Not For Loan Non-fiction Central Library, University of Rajshahi Central Library, University of Rajshahi Reading Room 07/09/1955 B.H.Blackwell 12.60   907.1241 INT 1952 27/04/2017 C-1 Books